Mercado y Estado (Registro nro. 31403)
[ vista simple ]
| 000 -LEADER | |
|---|---|
| fixed length control field | 00307 a2200109 4500 |
| 001 - CONTROL NUMBER | |
| control field | ART_30532 |
| 005 - DATE AND TIME OF LATEST TRANSACTION | |
| control field | 20260410162002.0 |
| 008 - FIXED-LENGTH DATA ELEMENTS--GENERAL INFORMATION | |
| fixed length control field | 260409a |
| 100 1# - MAIN ENTRY--PERSONAL NAME | |
| Personal name | Sandler, Guillermo Alberto |
| 245 10 - TITLE STATEMENT | |
| Title | Mercado y Estado |
| 773 0# - HOST ITEM ENTRY | |
| Title | Foro económico |
| Related parts | - Año II, Nº 2 (mar. 1996) |
| Record control number | REV30369 |
No hay ítems disponibles.